000
00275nam a2200097Ia 4500
005
20251222114342.0
008
251222s1900||||xx |||||||||||||| ||spa||
082
_a
DVD0196/L45/2005
245
0
_a
Ceremonia de graduación: Promoción 2005 II "Monseñor Luigi Giussani":
942
_c
DVD
999
_c
905
_d
905